00709cam a2200241 4500001000500000005001700005008003900022010001600061020002000077043002100097100001700118245002500135250001200160260003600172300002700208500008900235600002500324600001700349600001800366600001800384650003100402650003400433523620181127175050.0760420s1976 nyu 000 0ceng a 72076164 a9780099362814c an-us---af-gm---1 aHaley, Alex.10aRoots /cAlex Haley. a1st ed. aLondon :bVintage Books,c1991. aviii, 688 p. ;c24 cm. a""A condensed version of a portion of this work first appeared in Reader's digest.""10aHaley, AlexxFamily.10aHaley, Alex.30aHaley family.30aKinte family. 0aAfrican American families. 0aAfrican AmericansvBiography.